000 00638nam a2200241 i 4500
001 C2-0329304
003 PPAK
005 20180728130410.0
008 141203s2008 my |||| ||||| | may d
020 _a9789836297136
040 _aPPAK
_beng
_cPPAK
_erda
082 0 4 _a899.233
_223
090 0 0 _a899.233
_bIND
_dG
100 0 _aIndah Hairani,
_eauthor
245 1 0 _aRindu berbisik
264 1 _aKuala Lumpur :
_bDewan Bahasa dan Pustaka ,
_c2008
300 _a460 pages ;
_c18 cm
336 _2rdacontent
_atext
337 _2rdamedia
_aunmediated
338 _2rdacarrier
_avolume
650 1 0 _aMalay fiction.
942 _ddc
_cB
999 _c128547
_d128547